00717 2200253 4500001002100000005001500021035002000036007000300056008004100059020002200100082001200122084001800134100001800152245006500170250001000235260004700245300006700292500001100359650002200370700002300392504002600415990001100441990001100452INLIS00000000000687620210304095734 a0010-0321000246ta210304 f 0 ind  a978-979-1409-12-4 a297.325 a297.325 AHM k0 aAHMAD, Taswin1 aKurban dan Akikah /cAhmad Taswin; editor, Retno Kusumo Rini acet.3 aYogyakarta :bPustaka Insan Mandani,c2009 aiv, 108 hal. :bilus. ;c21 cm.-- Seri Tuntunan Praktis Ibadah aIndeks 4aQURBAN DAN AQIQAH0 aRETNO, Kusumo Rini aBibliografi : hal.106 a7988 a a7988 b